000 00336 a2200169 4500
001 174928
020 _a
040 _cMagnum
100 _aRodrigues, Antonio Eustáquio de Lima
240 1 0 _aPiriri
_lpor
245 1 0 _aPiriri
300 _a23
362 0 _a1985
440 1 _a
697 _aLITERATURA INFANTO
942 _cBK
999 _c174928
_d174928